Gabon chantres du quotidien ; chantres de l'epopee.
Saved in:
| Format: | Audio |
|---|---|
| Language: | Niger-Kordofanian |
| Published: |
France :
Ocora,
p1977
|
| Series: | Musiques traditionnelles vivantes. I. Musiques de traditions orales
|
| Subjects: | |
| Tags: |
Add Tag
No Tags, Be the first to tag this record!
|
| LEADER | 00973njm a2200265I 4500 | ||
|---|---|---|---|
| 001 | 008317462-1 | ||
| 005 | 20020904153315.0 | ||
| 008 | 800118s1977 fr fmn k nic d | ||
| 028 | 0 | 0 | |a 558 515 |b Ocora |
| 035 | 0 | |a ocm05883803 | |
| 040 | |a IOG |c IOG |d HMU | ||
| 245 | 0 | 0 | |a Gabon |h [sound recording] : |b chantres du quotidien ; chantres de l'epopee. |
| 246 | 3 | |a Chantres du quotidien | |
| 246 | 3 | |a Chantres de l'epopee | |
| 260 | |a France : |b Ocora, |c p1977 | ||
| 300 | |a 1 sound disc : |b analog, 33 1/3 rpm, stereo. ; |c 12 in. | ||
| 490 | 0 | |a Musiques traditionnelles vivantes. I. Musiques de traditions orales | |
| 500 | |a Durations on labels. | ||
| 500 | |a Program notes in French and English by Pierre Sallee. | ||
| 511 | 0 | |a Mboumba Patrice, sanza and vocals ; Akwe Obiang, mvet and vocals ; with other musicians. | |
| 505 | 0 | |a Chant et "sanza" -- Chant epique du "mvet" (fragment) | |
| 650 | 0 | |a Folk music |z Gabon. | |
| 650 | 0 | |a Music |z Gabon. | |
| 988 | |a 20020608 | ||
| 906 | |0 OCLC | ||


